Score 0/20 Timer 02:00
0 Plays Today
Movie Title Missing Word % Correct
_____ the ParentsMeet
99%
There's _____ About MarySomething
96.5%
_____ Came PollyAlong
93%
Starsky & _____Hutch
92.7%
Night at the _____Museum
88.9%
_____ ThunderTropic
75.3%
The _____ TenenbaumsRoyal
70%
Next of _____Kin
68%
Madagascar: _____ 2 AfricaEscape
53.2%
Reality _____Bites
44.8%
Movie Title Missing Word % Correct
_____ for ScoundrelsSchool
42.4%
Flirting With _____Disaster
41.9%
Keeping the _____Faith
40%
The _____ GuyCable
38.7%
Your _____ & NeighborsFriends
36.5%
Mystery _____Men
32.9%
The _____ KidHeartbreak
22.7%
_____ of the SunEmpire
17.4%
Permanent _____Midnight
3.9%
_____ EffectZero
3.1%

Today's Daily Dose

Remove Ads.
Support Sporcle.
Get the best of Sporcle when you Go Orange. This ad-free experience offers more features, more stats, and more fun while also helping to support Sporcle. Thank you for becoming a member.

You're not logged in!

Compare scores with friends on all Sporcle quizzes.
OR
Log In

Show Comments

Extras

Top Quizzes Today


Score Distribution

Your Account Isn't Verified!

In order to create a playlist on Sporcle, you need to verify the email address you used during registration. Go to your Sporcle Settings to finish the process.

Report this User

Report this user for behavior that violates our Community Guidelines.

Details: